[Event "Kouty nad Desnou op-A"]
[Site "Kouty nad Desnou"]
[Date "2014.03.15"]
[Round "9"]
[White "Malinovsky, Petr"]
[Black "Bocek, Tadeas"]
[Result "1/2-1/2"]
[WhiteElo "2008"]
[BlackElo "1811"]
[PlyCount "67"]
[EventDate "2014.03.08"]
[EventType "swiss"]
[EventRounds "9"]
[EventCountry "CZE"]
[SourceTitle "EXT 2015"]
[Source "ChessBase"]
[SourceDate "2014.11.20"]
[SourceVersion "1"]
[SourceVersionDate "2014.11.20"]
[SourceQuality "1"]

1. d4 e6 2. c4 d5 3. Nc3 Nf6 4. cxd5 exd5 5. Bg5 Be7 6. Qc2 c6 7. e3 0-0 8. Bd3 Nbd7 9. Nge2 Re8 10. 0-0 Nf8 11. f3 Ng6 12. Rad1 Be6 13. h3 Qb6 14. e4 dxe4 15. fxe4 Rad8 16. Be3 Qa5 17. Nf4 Nxf4 18. Rxf4 h6 19. Rdf1 Rf8 20. Qf2 Rd7 21. Bb1 Bc4 22. Rc1 Be6 23. Qc2 g6 24. e5 Nd5 25. Nxd5 Qxd5 26. Rf2 Kg7 27. Qd2 Rh8 28. b3 Qb5 29. Bd3 Qb4 30. Qe2 Bd5 31. Rcf1 Bh4 32. Rf4 Bg5 33. R4f2 Bh4 34. Rf4 1/2-1/2

[Event "Kouty nad Desnou op-A"]
[Site "Kouty nad Desnou"]
[Date "2014.03.14"]
[Round "8"]
[White "Moravec, Vit"]
[Black "Bocek, Tadeas"]
[Result "1-0"]
[WhiteElo "2179"]
[BlackElo "1811"]
[PlyCount "109"]
[EventDate "2014.03.08"]
[EventType "swiss"]
[EventRounds "9"]
[EventCountry "CZE"]
[SourceTitle "EXT 2015"]
[Source "ChessBase"]
[SourceDate "2014.11.20"]
[SourceVersion "1"]
[SourceVersionDate "2014.11.20"]
[SourceQuality "1"]

1. c4 c5 2. g3 Nc6 3. Bg2 g6 4. Nc3 Bg7 5. Nf3 Nf6 6. 0-0 0-0 7. d3 d6 8. Rb1 Rb8 9. a3 a5 10. Bd2 Bd7 11. Ne1 Ne8 12. Nc2 f5 13. b4 axb4 14. axb4 b6 15. b5 Ne5 16. f4 Ng4 17. h3 Ngf6 18. Ra1 Nc7 19. Ne3 e6 20. Qb3 Kh8 21. Ra7 Re8 22. Bf3 Nh5 23. Kh2 Bc8 24. Bc1 Re7 25. Bb2 Ne8 26. Rfa1 Nhf6 27. Ra8 Bb7 28. Bxb7 Rexb7 29. Rxb8 Qxb8 30. Qa2 Nc7 31. Ncd1 Kg8 32. Nf2 h5 33. Ng2 d5 34. Be5 Qd8 35. Nh4 Kf7 36. Nf3 Bh6 37. e3 Nd7 38. Qb2 Qe8 39. g4 hxg4 40. hxg4 Qg8 41. gxf5 gxf5 42. Rg1 Qh7 43. Nh3 Ne8 44. cxd5 exd5 45. Qa2 Ndf6 46. Qa8 Re7 47. Kg2 Qg6+ 48. Nhg5+ Bxg5 49. Nxg5+ Kf8 50. Bd6 Qg7 51. Qd8 Ng8 52. Rh1 Qb2+ 53. Kf3 Qd2 54. Bxe7+ Nxe7 55. Rh8+ 1-0

[Event "Morava-ch U16"]
[Site "Kouty nad Desnou"]
[Date "2012.10.24"]
[Round "2"]
[White "Bocek, Tadeas"]
[Black "Navratil, Jiri2"]
[Result "1/2-1/2"]
[WhiteElo "1812"]
[BlackElo "2057"]
[PlyCount "48"]
[EventDate "2012.10.24"]
[EventType "swiss"]
[EventRounds "9"]
[EventCountry "CZE"]
[SourceTitle "EXT 2015"]
[Source "ChessBase"]
[SourceDate "2014.11.20"]
[SourceVersion "1"]
[SourceVersionDate "2014.11.20"]
[SourceQuality "1"]

1. d4 d5 2. Nf3 c6 3. e3 Nf6 4. c4 e6 5. Nc3 Nbd7 6. Bd3 dxc4 7. Bxc4 b5 8. Be2 Bb7 9. 0-0 b4 10. Na4 c5 11. dxc5 Nxc5 12. Nxc5 Bxc5 13. Qa4+ Ke7 14. Bd2 Qb6 15. Rac1 a5 16. Ne5 Rhd8 17. Rfd1 Ne4 18. Be1 Bd5 19. Bf3 f6 20. Bxe4 fxe5 21. Bxd5 exd5 22. Qc2 Rac8 23. Qxh7 Qh6 24. Qxh6 gxh6 1/2-1/2

[Event "CZE-chTE U20 1213"]
[Site "Czech Republic"]
[Date "2012.10.07"]
[Round "3.3"]
[White "Richterova, Natasa"]
[Black "Bocek, Tadeas"]
[Result "1/2-1/2"]
[WhiteElo "1945"]
[BlackElo "1812"]
[PlyCount "145"]
[EventDate "2012.10.06"]
[EventType "team-tourn"]
[EventRounds "11"]
[EventCountry "CZE"]
[SourceTitle "EXT 2015"]
[Source "ChessBase"]
[SourceDate "2014.11.20"]
[SourceVersion "1"]
[SourceVersionDate "2014.11.20"]
[SourceQuality "1"]
[WhiteTeam "Brno Lokomotiva (U20)"]
[BlackTeam "Brno Duras (U20)"]
[WhiteTeamCountry "CZE"]
[BlackTeamCountry "CZE"]

1. e4 c6 2. d4 g6 3. c3 d5 4. e5 Bg7 5. Bd3 Nh6 6. Bf4 f6 7. exf6 exf6 8. Nf3 0-0 9. 0-0 Bg4 10. Nbd2 Nd7 11. h3 Bxf3 12. Nxf3 Re8 13. Qd2 Nf7 14. Rfe1 Qb6 15. h4 f5 16. h5 Nf6 17. hxg6 hxg6 18. Nh4 Kh7 19. Be5 Nxe5 20. dxe5 Ne4 21. Bxe4 fxe4 22. Qg5 Re6 23. Qg4 Rae8 24. Re3 Qc7 25. Rh3 Bh6 26. f4 Qf7 27. g3 a6 28. Kg2 Kg8 29. f5 Rxe5 30. Nxg6 Bg7 31. Nxe5 Rxe5 32. Rah1 Qxf5 33. Rh8+ Kf7 34. Rf1 Qxf1+ 35. Kxf1 Bxh8 36. Qd7+ Re7 37. Qf5+ Kg8 38. Ke2 Bg7 39. g4 Rf7 40. Qe6 Bf8 41. g5 Kg7 42. Qh6+ Kg8 43. Qg6+ Rg7 44. Qe6+ Kh7 45. Qf5+ Kg8 46. g6 Re7 47. Qf6 Rg7 48. Qe6+ Kh8 49. Qe8 Kg8 50. Qe6+ Kh8 51. c4 d4 52. Qe8 Kg8 53. Qe6+ Kh8 54. Qf6 Kg8 55. Qxd4 Rxg6 56. Qxe4 Rg7 57. Qe6+ Kh8 58. Qh3+ Kg8 59. a3 Re7+ 60. Kd3 Kf7 61. Qf5+ Ke8 62. b4 Bg7 63. Kc2 Re2+ 64. Kd3 Re7 65. Qh5+ Kd8 66. Kc2 Be5 67. Kb3 Bg7 68. Qg5 Ke8 69. b5 axb5 70. cxb5 cxb5 71. Qxb5+ Kd8 72. Qb6+ Kc8 73. Qb5 1/2-1/2

[Event "CZE-ch U16"]
[Site "Kouty nad Desnou"]
[Date "2012.03.12"]
[Round "4"]
[White "Bocek, Tadeas"]
[Black "Kozel, Jiri"]
[Result "1/2-1/2"]
[WhiteElo "1833"]
[BlackElo "1969"]
[PlyCount "60"]
[EventDate "2012.03.10"]
[EventType "swiss"]
[EventRounds "9"]
[EventCountry "CZE"]
[SourceTitle "EXT 2013"]
[Source "ChessBase"]
[SourceDate "2012.11.22"]
[SourceVersion "1"]
[SourceVersionDate "2012.11.22"]
[SourceQuality "1"]

1. d4 Nf6 2. Nf3 g6 3. c4 Bg7 4. Nc3 0-0 5. Bg5 d6 6. e3 Nbd7 7. Be2 b6 8. 0-0 Bb7 9. Qc2 c5 10. Rac1 a6 11. b3 Rc8 12. Rfd1 Rc7 13. Qd2 cxd4 14. exd4 Qa8 15. d5 Rfc8 16. Qe3 Kf8 17. Bh6 Re8 18. Nd4 Ne5 19. Bxg7+ Kxg7 20. f4 Neg4 21. Qg3 Qc8 22. Rf1 Nh6 23. f5 b5 24. Rce1 bxc4 25. bxc4 Rxc4 26. Bxc4 Qxc4 27. Nb3 Bxd5 28. fxg6 hxg6 29. Nxd5 Qxd5 30. Qc3 Qg5 1/2-1/2

[Event "CZE-ch U16"]
[Site "Kouty nad Desnou"]
[Date "2012.03.10"]
[Round "1"]
[White "Szotkowski, Jakub"]
[Black "Bocek, Tadeas"]
[Result "1-0"]
[WhiteElo "2008"]
[BlackElo "1833"]
[PlyCount "67"]
[EventDate "2012.03.10"]
[EventType "swiss"]
[EventRounds "9"]
[EventCountry "CZE"]
[SourceTitle "EXT 2013"]
[Source "ChessBase"]
[SourceDate "2012.11.22"]
[SourceVersion "1"]
[SourceVersionDate "2012.11.22"]
[SourceQuality "1"]

1. d4 d5 2. c4 Nf6 3. Nc3 e6 4. cxd5 exd5 5. Bg5 Be7 6. e3 c6 7. Qc2 0-0 8. Bd3 Nbd7 9. Nge2 Re8 10. 0-0 Nf8 11. Rad1 Ng6 12. f3 Be6 13. e4 Qd7 14. e5 Ne4 15. Bxe7 Nxc3 16. bxc3 Qxe7 17. f4 Bg4 18. h3 Bxe2 19. Qxe2 Nf8 20. Kh1 Qd7 21. Rf3 f5 22. Rg1 h5 23. g4 hxg4 24. hxg4 fxg4 25. Rfg3 Re6 26. Rxg4 Rh6+ 27. Kg2 Re8 28. Kf1 Re7 29. f5 Rf7 30. f6 Ne6 31. Qe3 Rh2 32. Bg6 Rf8 33. Bf5 Qe8 34. Qg3 1-0

[Event "CZE-chTE U20 1112"]
[Site "Czech Republic"]
[Date "2011.10.16"]
[Round "4.4"]
[White "Pfeffer, Dominik"]
[Black "Bocek, Tadeas"]
[Result "0-1"]
[WhiteElo "1735"]
[BlackElo "1827"]
[PlyCount "98"]
[EventDate "2011.10.15"]
[EventType "team-tourn"]
[EventRounds "7"]
[EventCountry "CZE"]
[SourceTitle "EXT 2013"]
[Source "ChessBase"]
[SourceDate "2012.11.22"]
[SourceVersion "1"]
[SourceVersionDate "2012.11.22"]
[SourceQuality "1"]
[WhiteTeam "Borsice"]
[BlackTeam "Brno Duras"]
[WhiteTeamCountry "CZE"]
[BlackTeamCountry "CZE"]

1. e4 e5 2. Nf3 d6 3. d4 exd4 4. Nxd4 Be7 5. Bc4 Nf6 6. Qe2 0-0 7. 0-0 Nc6 8. c3 Bd7 9. Bd3 Re8 10. Be3 Ng4 11. Nd2 Nxe3 12. Qxe3 Ne5 13. Bc2 Bf6 14. f4 Nc6 15. Rae1 Re7 16. Nxc6 Bxc6 17. Qd3 g6 18. Bb3 Qe8 19. f5 Kg7 20. fxg6 hxg6 21. Bc2 Rd8 22. Qg3 Qh8 23. Nf3 Rde8 24. Qf4 Qh5 25. g4 Qc5+ 26. Kg2 Be5 27. Qg5 f6 28. Qd2 g5 29. Nd4 Bd7 30. h3 Bf4 31. Qf2 Qb6 32. Bb1 c6 33. a3 Re5 34. Bd3 R5e7 35. Bb1 Re5 36. Kh1 Rh8 37. Kg2 Bxg4 38. Nf5+ Bxf5 39. exf5 Qxf2+ 40. Kxf2 Rxh3 41. Kg1 Rhe3 42. Rd1 Re8 43. c4 Re2 44. Rf2 Be3 45. Rdf1 Rxb2 46. Bd3 Bxf2+ 47. Rxf2 Re1+ 48. Kg2 Rxf2+ 49. Kxf2 Ra1 0-1

[Event "Brno Trade op"]
[Site "Brno"]
[Date "2011.08.27"]
[Round "8"]
[White "Bocek, Tadeas"]
[Black "Eichler, Bretislav"]
[Result "1-0"]
[WhiteElo "1793"]
[BlackElo "1610"]
[PlyCount "93"]
[EventDate "2011.08.21"]
[EventType "swiss"]
[EventRounds "9"]
[EventCountry "CZE"]
[SourceTitle "CBM 144 Extra"]
[Source "ChessBase"]
[SourceDate "2011.10.28"]
[SourceVersion "1"]
[SourceVersionDate "2011.10.28"]
[SourceQuality "1"]

1. d4 b5 2. e3 Bb7 3. Nf3 a6 4. Bd3 e6 5. 0-0 Nf6 6. Nbd2 c5 7. b3 d5 8. c4 bxc4 9. bxc4 Be7 10. cxd5 Nxd5 11. Bb2 Nd7 12. Nc4 0-0 13. Nfe5 Nxe5 14. Nxe5 Nf6 15. f4 cxd4 16. Bxd4 Qd5 17. Rf3 Rac8 18. Rg3 Bc5 19. Bc4 Qd6 20. Bb2 Qxd1+ 21. Rxd1 Nh5 22. Rh3 Nxf4 23. Rg3 Nh5 24. Rh3 Nf6 25. Rf1 Rfe8 26. Rxf6 gxf6 27. Nd7 e5 28. Nxf6+ Kg7 29. Nxe8+ Rxe8 30. Bxf7 Bxe3+ 31. Rxe3 Kxf7 32. Bxe5 Bd5 33. a3 Rc8 34. Bc3 Rc6 35. g3 Rb6 36. Bb4 Rc6 37. Rc3 Re6 38. Kf2 Kg6 39. Rd3 Re5 40. Bd6 Rf5+ 41. Bf4 Bc4 42. Rd6+ Kg7 43. Ke3 Bb5 44. Ke4 Rc5 45. Rb6 Rc2 46. h4 Rc3 47. Be5+ 1-0

[Event "Brno Trade op"]
[Site "Brno"]
[Date "2011.08.24"]
[Round "5"]
[White "Kalod, Michal2"]
[Black "Bocek, Tadeas"]
[Result "1/2-1/2"]
[WhiteElo "1823"]
[BlackElo "1793"]
[PlyCount "73"]
[EventDate "2011.08.21"]
[EventType "swiss"]
[EventRounds "9"]
[EventCountry "CZE"]
[SourceTitle "CBM 144 Extra"]
[Source "ChessBase"]
[SourceDate "2011.10.28"]
[SourceVersion "1"]
[SourceVersionDate "2011.10.28"]
[SourceQuality "1"]

1. Nf3 Nf6 2. d4 d5 3. Bg5 e6 4. e3 Be7 5. Bd3 h6 6. Bf4 0-0 7. Nbd2 b6 8. Qe2 Nbd7 9. Ne5 Bb7 10. g4 c5 11. c3 Nxe5 12. Bxe5 Nd7 13. Bg3 c4 14. Bc2 b5 15. h4 f6 16. g5 fxg5 17. hxg5 Bxg5 18. f4 Be7 19. Qg4 Nf6 20. Qxe6+ Kh8 21. Qh3 Bc8 22. Qg2 Ng4 23. Bf2 b4 24. Nf3 bxc3 25. bxc3 Rb8 26. Ne5 Nxe5 27. dxe5 Rb2 28. Qg6 Rxc2 29. Qxc2 Qa5 30. Rh5 Bg4 31. Rh2 Bf5 32. Qd2 Rb8 33. e4 Bxe4 34. a4 Rb3 35. Bd4 Ba3 36. Qe3 Bb2 37. Rxb2 1/2-1/2

[Event "Brno Trade op"]
[Site "Brno"]
[Date "2011.08.23"]
[Round "4"]
[White "Bocek, Tadeas"]
[Black "Glacner, Karel"]
[Result "1-0"]
[WhiteElo "1793"]
[BlackElo "1729"]
[PlyCount "75"]
[EventDate "2011.08.21"]
[EventType "swiss"]
[EventRounds "9"]
[EventCountry "CZE"]
[SourceTitle "CBM 144 Extra"]
[Source "ChessBase"]
[SourceDate "2011.10.28"]
[SourceVersion "1"]
[SourceVersionDate "2011.10.28"]
[SourceQuality "1"]

1. d4 Nf6 2. Nf3 g6 3. c4 c6 4. Nc3 d5 5. e3 Bg7 6. Be2 0-0 7. 0-0 b6 8. Qc2 Bf5 9. Qd2 a6 10. b3 Nbd7 11. Bb2 Qc7 12. Rac1 dxc4 13. Bxc4 Ne4 14. Nxe4 Bxe4 15. Ng5 Nf6 16. Nxe4 Nxe4 17. Qc2 Nf6 18. Be2 Rfc8 19. Bf3 Qd6 20. Qe2 b5 21. Rc2 Ra7 22. e4 Nd7 23. e5 Qe6 24. d5 Qf5 25. e6 Ne5 26. Be4 Qf6 27. f4 Qh4 28. Bxe5 f5 29. Bf3 c5 30. Bxg7 Kxg7 31. Qe5+ Kg8 32. Rxc5 Rxc5 33. Qb8+ Kg7 34. Qxa7 Rc2 35. d6 Qxf4 36. dxe7 Rc1 37. e8Q+ Kh6 38. Qf8+ 1-0

[Event "Brno Duras op-A"]
[Site "Brno"]
[Date "2011.07.01"]
[Round "8"]
[White "Mlynek, Petr"]
[Black "Bocek, Tadeas"]
[Result "1-0"]
[WhiteElo "2153"]
[BlackElo "1793"]
[PlyCount "53"]
[EventDate "2011.06.25"]
[EventType "swiss"]
[EventRounds "9"]
[EventCountry "CZE"]
[SourceTitle "CBM 143 Extra"]
[Source "ChessBase"]
[SourceDate "2011.08.29"]
[SourceVersion "1"]
[SourceVersionDate "2011.08.29"]
[SourceQuality "1"]

1. d4 d5 2. c4 e6 3. Nf3 Nf6 4. g3 Be7 5. Bg2 0-0 6. 0-0 dxc4 7. Qc2 a6 8. a4 Bd7 9. Rd1 Bc6 10. Nc3 Nd5 11. e4 Nxc3 12. bxc3 b5 13. Ne5 Bb7 14. Rb1 c5 15. Nxc4 cxd4 16. cxd4 Qc8 17. Qb3 Ra7 18. Na5 bxa4 19. Qxa4 Ba8 20. Bf4 Qd7 21. Qxd7 Nxd7 22. Rdc1 Bf6 23. Be3 Nb8 24. d5 Rd7 25. Bh3 Re8 26. dxe6 Rde7 27. Bf4 1-0

[Event "Brno Duras op-A"]
[Site "Brno"]
[Date "2011.06.26"]
[Round "3"]
[White "Bocek, Tadeas"]
[Black "Hofirek, Benedikt"]
[Result "1-0"]
[WhiteElo "1793"]
[BlackElo "1980"]
[PlyCount "71"]
[EventDate "2011.06.25"]
[EventType "swiss"]
[EventRounds "9"]
[EventCountry "CZE"]
[SourceTitle "CBM 143 Extra"]
[Source "ChessBase"]
[SourceDate "2011.08.29"]
[SourceVersion "1"]
[SourceVersionDate "2011.08.29"]
[SourceQuality "1"]

1. Nf3 Nf6 2. g3 b6 3. Bg2 Bb7 4. 0-0 e6 5. d3 c5 6. Nbd2 Be7 7. e4 d6 8. Qe1 0-0 9. h3 Qc7 10. Nh2 Nc6 11. c3 d5 12. f4 dxe4 13. dxe4 e5 14. f5 Ba6 15. Rf2 c4 16. Ndf3 Nd7 17. g4 Nc5 18. Bf1 Nd3 19. Bxd3 cxd3 20. g5 Na5 21. f6 Bc5 22. Be3 Rfd8 23. Nd2 Rd7 24. Ng4 Nc4 25. Nxc4 Bxc4 26. fxg7 d2 27. Rxd2 Rxd2 28. Qxd2 Rd8 29. Qf2 Bxe3 30. Qxe3 Rd3 31. Qf2 Kxg7 32. Qf6+ Kf8 33. Qh8+ Ke7 34. Qxe5+ Kd8 35. Qxc7+ Kxc7 36. Ne5 1-0

[Event "Kouty nad Desnou op-A"]
[Site "Kouty nad Desnou"]
[Date "2011.03.19"]
[Round "9"]
[White "Bocek, Tadeas"]
[Black "Skoda, Martin"]
[Result "1/2-1/2"]
[WhiteElo "1755"]
[BlackElo "1992"]
[PlyCount "86"]
[EventDate "2011.03.12"]
[EventType "swiss"]
[EventRounds "9"]
[EventCountry "CZE"]
[SourceTitle "EXT 2014"]
[Source "ChessBase"]
[SourceDate "2013.11.20"]
[SourceVersion "1"]
[SourceVersionDate "2013.11.20"]
[SourceQuality "1"]

1. e4 c5 2. Nf3 e6 3. d3 g6 4. g3 Bg7 5. Bg2 Ne7 6. 0-0 0-0 7. Nbd2 d6 8. Qe1 Nbc6 9. c3 b5 10. a3 b4 11. axb4 cxb4 12. d4 a5 13. Qe3 Bb7 14. Nh4 d5 15. e5 Qb6 16. f4 Nf5 17. Nxf5 gxf5 18. h3 Rfc8 19. g4 Ne7 20. Nf3 Ba6 21. Rf2 Rc6 22. Bd2 b3 23. Nh4 Ng6 24. Nxf5 exf5 25. Bxd5 Ne7 26. Bxc6 Qxc6 27. Rxa5 Bb7 28. Rxa8+ Bxa8 29. Rh2 Bh6 30. Qd3 Qd7 31. g5 Bf8 32. c4 Be4 33. Qc3 Nc6 34. d5 Bc5+ 35. Be3 Qa7 36. Bxc5 Qxc5+ 37. Kf1 Nb4 38. Rd2 Nxd5 39. cxd5 Qxc3 40. bxc3 Bc2 41. d6 b2 42. d7 b1Q+ 43. Ke2 Qb5+ 1/2-1/2

[Event "Kouty nad Desnou op-A"]
[Site "Kouty nad Desnou"]
[Date "2011.03.14"]
[Round "4"]
[White "Dungl, Martin"]
[Black "Bocek, Tadeas"]
[Result "1-0"]
[WhiteElo "1957"]
[BlackElo "1755"]
[PlyCount "61"]
[EventDate "2011.03.12"]
[EventType "swiss"]
[EventRounds "9"]
[EventCountry "CZE"]
[SourceTitle "EXT 2014"]
[Source "ChessBase"]
[SourceDate "2013.11.20"]
[SourceVersion "1"]
[SourceVersionDate "2013.11.20"]
[SourceQuality "1"]

1. d4 e6 2. c4 d5 3. Nc3 Nf6 4. cxd5 exd5 5. Bg5 Be7 6. e3 0-0 7. Bd3 c6 8. Qc2 Nbd7 9. Nf3 Re8 10. 0-0-0 Nf8 11. Kb1 Be6 12. h3 Rc8 13. g4 c5 14. Rc1 c4 15. Bf5 a6 16. h4 Nxg4 17. Bxe6 Nxe6 18. Rcg1 Nf6 19. Rg2 b5 20. Rhg1 Kh8 21. Qf5 b4 22. Bxf6 Bxf6 23. Nxd5 c3 24. Nxf6 Qxf6 25. Qxf6 gxf6 26. b3 Nc7 27. h5 Nb5 28. Nh4 Rc7 29. Nf5 Rf8 30. Nh6 c2+ 31. Kc1 1-0